000 00569cam a2200193 a 4500
005 20180803170212.0
008 160115s19610000ck a 0 spa d
040 _aCO-BoPUJ
_cCO-BoIAVH
041 _aspa
082 0 4 _a581.464
_bR76f
100 1 _aRomero Castaneda, Rafael
245 1 0 _aFrutas silvestres de Colombia /
_cRafael Romero Castaneda
260 _aBogotá:
_b;
_c1961.
300 _avolumenes, 342 páginas
650 2 4 _aFruticultura
_zColombia
650 2 4 _aFrutas
_vClasificación
650 2 4 _aFrutas
942 _2ddc
_cLIBRO
999 _c17971
_d17971